Rebirth of St Pancras (Record no. 76006)
[ view plain ]
| 000 -LEADER | |
|---|---|
| fixed length control field | 01061cab a2200193 4500 |
| 001 - CONTROL NUMBER | |
| control field | ##L131266 |
| 008 - FIXED-LENGTH DATA ELEMENTS--GENERAL INFORMATION | |
| fixed length control field | 051014n2005 000 0 eng u |
| 035 ## - SYSTEM CONTROL NUMBER | |
| System control number | (Sirsi) u131266 |
| 041 0# - LANGUAGE CODE | |
| Language code of text/sound track or separate title | eng |
| 100 1# - MAIN ENTRY--PERSONAL NAME | |
| Personal name | Masters, Jon |
| 245 00 - TITLE STATEMENT | |
| Title | Rebirth of St Pancras |
| 260 ## - PUBLICATION, DISTRIBUTION, ETC. | |
| Date of publication, distribution, etc. | 2005 |
| 490 #0 - SERIES STATEMENT | |
| Series statement | New Steel Construction |
| Volume/sequential designation | 13(9) October 2005, 18-19(2) |
| 520 ## - SUMMARY, ETC. | |
| Summary, etc. | Reports on the new 200m long steel roof canopy in the course of construction at St Pancras station. The work forms part of Section 2 of the Channel Tunnel Rail Link, by which St Pancras will become a major transport hub. The new roof is designed to harmonise with the original wrought-iron arched roof which dates from 1865. The main section of new roof has three spans across the tracks in the station and seven longitudinal bays. A transition roof will cover a 22m gap between the new roof and the gable end of the original. |
| 650 24 - SUBJECT ADDED ENTRY--TOPICAL TERM | |
| Topical term or geographic name entry element | ST PANCRAS STATION |
| 650 24 - SUBJECT ADDED ENTRY--TOPICAL TERM | |
| Topical term or geographic name entry element | CHANNEL TUNNEL RAIL LINK |
| 690 ## - LOCAL SUBJECT ADDED ENTRY--TOPICAL TERM (OCLC, RLIN) | |
| Topical term or geographic name as entry element | BUILT ENVIRONMENT-BUILDING ELEMENTS-COMPLETE BUILDING ELEMENTS-ROOFS |
| 942 ## - ADDED ENTRY ELEMENTS (KOHA) | |
| Suppress in OPAC | 0 |
| Withdrawn status | Lost status | Source of classification or shelving scheme | Damaged status | Not for loan | Home library | Current library | Shelving location | Date acquired | Total Checkouts | Full call number | Barcode | Date last seen | Copy number | Price effective from | Koha item type |
|---|---|---|---|---|---|---|---|---|---|---|---|---|---|---|---|
| Dewey Decimal Classification | London | London | Journal article | 14/10/2005 | L131266 | 131266-1001 | 06/08/2019 | 1 | 06/08/2019 | Journal article |